• Ubertino de Casale,

di Personal Name

Records bibliografici associati: 1

001 - CONTROL NUMBER

  • control field: 51690

003 - CONTROL NUMBER IDENTIFIER

  • control field: IT-RoINE

005 - DATE AND TIME OF LATEST TRANSACTION

  • control field: 20180717040657.0

008 - FIXED-LENGTH DATA ELEMENTS

  • fixed length control field: 180717|| aca||aabn | a|a d

040 ## - CATALOGING SOURCE

  • Original cataloging agency: IT-RoINE
  • Transcribing agency: IT-RoINE

100 ## - HEADING--PERSONAL NAME

  • Personal name: Ubertino de Casale,
  • Dates associated with a name: ca. 1259-ca. 1329
  • General subdivision: Crítica e interpretación

670 ## - SOURCE DATA FOUND

  • Source citation: Work cat.: (IT-RoINE)0: Potestà, Gian Luca, 1952- 4208, Storia ed escatologia in Ubertino da Casale / , 1980.